Memoria del Instituto Provincial de Segunda Enseñanza de Pamplona leida en el acto de apertura del curso académico de 1878 a 1879 / (Record no. 68750)

MARC details
000 -LEADER
campo de control de longitud fija 00643nam a22001695i 4500
001 - NÚMERO DE CONTROL
campo de control 68750
003 - IDENTIFICADOR DE NÚMERO DE CONTROL
campo de control ES-MaACL
007 - CAMPO FIJO DE DESCRIPCIÓN FÍSICA--INFORMACIÓN GENERAL
campo de control de longitud fija t|
008 - DATOS DE LONGITUD FIJA--INFORMACIÓN GENERAL
campo de control de longitud fija 960828s1878 sp ||||1| spa d
040 ## - FUENTE DE CATALOGACIÓN
Centro catalogador/agencia de origen CAM
Lengua de catalogación spa
Centro/agencia transcriptor CAM
110 2# - ENTRADA PRINCIPAL--NOMBRE DE ENTIDAD CORPORATIVA
Nombre de entidad corporativa o nombre de jurisdicción como elemento de entrada Instituto Provincial de Segunda Enseñanza de Pamplona.
9 (RLIN) 5224
245 10 - MENCIÓN DEL TÍTULO
Título Memoria del Instituto Provincial de Segunda Enseñanza de Pamplona leida en el acto de apertura del curso académico de 1878 a 1879 /
Mención de responsabilidad, etc. por José Gil Sanz.
260 ## - PUBLICACIÓN, DISTRIBUCIÓN, ETC.
Lugar de publicación, distribución, etc. Pamplona :
Nombre del editor, distribuidor, etc. [s.n.],
Fecha de publicación, distribución, etc. 1878 (
Fabricante Imprenta Provincial a cargo de V. Cantera)
300 ## - DESCRIPCIÓN FÍSICA
Extensión 47 p. ;
Dimensiones 22 cm.
700 1# - ENTRADA AGREGADA--NOMBRE PERSONAL
Nombre de persona Gil Sanz, José.
9 (RLIN) 56876
852 ## - LOCALIZACIÓN
Ubicación ES-MaACL
Número de control de estantería T-314-F-4
Holdings
Estatus retirado Estado de pérdida Estado de daño No para préstamo Colección Biblioteca de origen Biblioteca actual Ubicación en estantería Fecha de adquisición Fuente de adquisición Total de préstamos Signatura topográfica completa Código de barras Visto por última vez Precio de reemplazo Tipo de ítem Koha
        Colección de folletos Biblioteca del Ateneo de Madrid Biblioteca del Ateneo de Madrid Depósito folletos 17/01/2008     T-314-F-4 1071982 23/02/2023 23/02/2023 Folleto